Finance and Development, June 1998.

Since it began operations in 1946, the IMF has steadily evolved in response to changes in the world economy. What steps is it taking to meet the new challenges posed by the Asian crisis?.

Podrobná bibliografie
Korporativní autor: International Monetary Fund. External Relations Dept
Médium: Časopis
Jazyk:English
Vydáno: Washington, D.C. : International Monetary Fund, 1998.
Edice:Finance and Development; Finance and Development ; No. 0035/002
On-line přístup:Full text available on IMF
LEADER 01215cas a2200229 a 4500
001 AALejournalIMF008222
008 230101c9999 xx r poo 0 0eng d
020 |z 9781451952780 
022 |a 0145-1707 
040 |a BD-DhAAL  |c BD-DhAAL 
110 2 |a International Monetary Fund.  |b External Relations Dept. 
245 1 0 |a Finance and Development, June 1998. 
264 1 |a Washington, D.C. :  |b International Monetary Fund,  |c 1998. 
300 |a 1 online resource (60 pages) 
490 1 |a Finance and Development 
500 |a <strong>Off-Campus Access:</strong> No User ID or Password Required 
500 |a <strong>On-Campus Access:</strong> No User ID or Password Required 
506 |a Electronic access restricted to authorized BRAC University faculty, staff and students 
520 3 |a Since it began operations in 1946, the IMF has steadily evolved in response to changes in the world economy. What steps is it taking to meet the new challenges posed by the Asian crisis?. 
538 |a Mode of access: Internet 
830 0 |a Finance and Development; Finance and Development ;  |v No. 0035/002 
856 4 0 |z Full text available on IMF  |u http://elibrary.imf.org/view/journals/022/0035/002/022.0035.issue-002-en.xml  |z IMF e-Library